[Rezension von: Kriminologie - Jugendkriminalrecht - Strafvollzug]

Saved in:  
Bibliographic Details
Main Author: Höynck, Theresia 1967- (Author)
Format: Print Review
Language:German
Published: 2014
In: Zeitschrift für Jugendkriminalrecht und Jugendhilfe
Year: 2014, Volume: 25, Issue: 3, Pages: 301
Check availability: HBZ Gateway
Keywords:

MARC

LEADER 00000naa a22000002c 4500
001 1840570539
003 DE-627
005 20230330112938.0
007 tu
008 230330s2014 xx ||||| o 00| ||ger c
035 |a (DE-627)1840570539 
035 |a (DE-599)KXP1840570539 
040 |a DE-627  |b ger  |c DE-627  |e rda 
041 |a ger 
084 |a 2,1  |2 ssgn 
100 1 |a Höynck, Theresia  |d 1967-  |e VerfasserIn  |0 (DE-588)128412054  |0 (DE-627)372650120  |0 (DE-576)183956583  |4 aut 
109 |a Höynck, Theresia 1967-  |a Höynckh, Theresia 1967-  |a Höynck, T. 1967- 
245 1 0 |a [Rezension von: Kriminologie - Jugendkriminalrecht - Strafvollzug]  |c Theresia Höynck 
264 1 |c 2014 
336 |a Text  |b txt  |2 rdacontent 
337 |a ohne Hilfsmittel zu benutzen  |b n  |2 rdamedia 
338 |a Band  |b nc  |2 rdacarrier 
655 7 |a Rezension  |0 (DE-588)4049712-4  |0 (DE-627)106186019  |0 (DE-576)209083166  |2 gnd-content 
773 0 8 |i Enthalten in  |t Zeitschrift für Jugendkriminalrecht und Jugendhilfe  |d Hannover : DVJJ, 2003  |g 25(2014), 3, Seite 301  |w (DE-627)366922033  |w (DE-600)2114812-0  |w (DE-576)106575325  |x 1612-1864  |7 nnas 
773 1 8 |g volume:25  |g year:2014  |g number:3  |g pages:301 
787 0 8 |i Rezension von  |t Kriminologie - Jugendkriminalrecht - Strafvollzug  |d Berlin : Duncker & Humblot, 2014  |h 952 S.  |w (DE-627)1654985376  |w (DE-576)404457681  |z 9783428839506  |z 9783428139507  |z 9783428539505 
787 0 8 |i Rezension von  |t Kriminologie - Jugendkriminalrecht - Strafvollzug  |d Berlin : Duncker & Humblot, 2014  |h 952 S.  |w (DE-627)783812582  |w (DE-576)404709079  |z 9783428139507  |z 342813950X  |z 9783428839506  |z 3428839501 
951 |a AR 
ELC |b 1 
LOK |0 000 xxxxxcx a22 zn 4500 
LOK |0 001 429990284X 
LOK |0 003 DE-627 
LOK |0 004 1840570539 
LOK |0 005 20230330112957 
LOK |0 008 230330||||||||||||||||ger||||||| 
LOK |0 040   |a DE-2619  |c DE-627  |d DE-2619 
LOK |0 092   |o n 
LOK |0 852   |a DE-2619 
LOK |0 852 1  |9 00 
LOK |0 866   |x Erfassung nach Autorenmeldung 
LOK |0 939   |a 30-03-23  |b l01 
ORI |a SA-MARC-krimdoka001.raw